[Event "AUTO-MASTER-535"]
[Site "http://www.queenalice.com/game.php?id=454766"]
[Date "2008.8.28"]
[Round "2"]
[White "loko"]
[Black "Pato"]
[Result "1-0"]
[WhiteElo "2126"]
[BlackElo "2036"]

1. e4 Nc6 2. d4 e5 3. d5 Nce7 4. Nf3 Ng6 5. Nc3 Bc5 6. Bc4 Nf6 7. Bg5 O-O 8. Qd2
d6 9. O-O-O a6 10. h4 h6 11. h5 Nh8 12. Bh4 b5 13. Bd3 Bd7 14. Rdg1 Bg4 15. Nd1
Kh7 16. Ne3 Bxe3 17. Qxe3 Qd7 18. Bxf6 gxf6 19. Nh4 Rg8 20. f3 Be6 21. dxe6 fxe6
22. f4 c5 23. c4 Rg4 24. f5 Rag8 25. fxe6 Qxe6 26. Nf5 R8g5 27. g3 1-0

[Event "AUTO-MASTER-535"]
[Site "http://www.queenalice.com/game.php?id=454769"]
[Date "2008.8.28"]
[Round "2"]
[White "Vader1d4"]
[Black "loko"]
[Result "1-0"]
[WhiteElo "2041"]
[BlackElo "2141"]

1. d4 d5 2. Nf3 c6 3. c4 Nf6 4. Nc3 Bf5 5. cxd5 cxd5 6. e3 e6 7. Ne5 Nbd7 8. g4
Be4 9. f3 Bg6 10. h4 h5 11. Nxg6 fxg6 12. Qc2 Qc7 13. Qxg6+ Kd8 14. g5 Qg3+ 15.
Ke2 e5 16. Qf5 exd4 17. exd4 Bd6 18. gxf6 Re8+ 19. Kd3 Nxf6 20. Bg5 Rf8 21. Bh3
Kc7 22. Bxf6 gxf6 23. Rag1 1-0

[Event "AUTO-MASTER-535"]
[Site "http://www.queenalice.com/game.php?id=454770"]
[Date "2008.8.28"]
[Round "2"]
[White "loko"]
[Black "Vader1d4"]
[Result "1-0"]
[WhiteElo "2126"]
[BlackElo "2061"]

1. e4 d5 2. exd5 Qxd5 3. Nc3 Qa5 4. b4 Qxb4 5. Rb1 Qd6 6. Nb5 Qd8 7. Nf3 Nf6 8.
d4 c6 9. Nc3 Nbd7 10. Bd3 g6 11. Bg5 Bg7 12. Ne4 O-O 13. O-O Nxe4 14. Bxe4 Nf6
15. Re1 Re8 16. Bd3 Qc7 17. Qd2 Be6 18. c4 Rad8 19. Bf4 Qd7 20. h3 Nh5 21. Be5
Bxe5 22. Nxe5 Qxd4 23. Rxb7 Nf4 24. Nxc6 Qxd3 25. Qxf4 Rd7 26. Rb8 Rxb8 27.
Qxb8+ Kg7 28. Qe5+ Kg8 29. c5 Qd2 30. Rb1 1-0

[Event "AUTO-MASTER-535"]
[Site "http://www.queenalice.com/game.php?id=454773"]
[Date "2008.8.28"]
[Round "2"]
[White "loko"]
[Black "antonius"]
[Result "1/2-1/2"]
[WhiteElo "2161"]
[BlackElo "2329"]

1. e4 e6 2. Nf3 c5 3. d4 cxd4 4. Nxd4 Nc6 5. Nc3 Nf6 6. Bg5 Be7 7. Bc4 Qa5 8.
Nxc6 bxc6 9. Qd2 Rb8 10. O-O-O d5 11. exd5 cxd5 12. Bb3 O-O 13. Rhe1 Qc7 14. h4
Ba6 15. Bf4 Bd6 16. Bxd6 Qxd6 17. Ne4 Nxe4 18. Rxe4 Rb7 19. Qg5 Qb6 20. Rg4 f6
21. Qd2 Bc4 22. Rg3 Qa6 23. Kb1 Rfb8 24. Qe3 Kh8 25. Qc5 e5 26. Rc3 h6 27. h5
Rb6 28. Qe7 R6b7 29. Qc5 Rb6 30. Qe7 1/2-1/2

[Event "AUTO-MASTER-535"]
[Site "http://www.queenalice.com/game.php?id=454774"]
[Date "2008.8.28"]
[Round "2"]
[White "antonius"]
[Black "loko"]
[Result "1-0"]
[WhiteElo "2311"]
[BlackElo "2156"]

1. d4 d5 2. e4 c6 3. Nd2 e6 4. Ngf3 dxe4 5. Nxe4 Nf6 6. Nxf6+ Qxf6 7. Bg5 Qf5 8.
Bd3 Qa5+ 9. c3 Nd7 10. O-O Bd6 11. Qe2 O-O 12. Qe4 g6 13. Rfe1 Qc7 14. Qh4 f6
15. Bh6 Re8 16. a4 Bf8 17. Bxf8 Rxf8 18. a5 e5 19. Qh6 b5 20. Bxg6 1-0

[Event "Sicilian (B97)"]
[Site "http://www.queenalice.com/game.php?id=488369"]
[Date "2008.11.5"]
[Round "4"]
[White "loko"]
[Black "arvim"]
[Result "1-0"]
[WhiteElo "2149"]
[BlackElo "2154"]

1. e4 e6 2. d4 c5 3. Nf3 cxd4 4. Nxd4 Nf6 5. Nc3 a6 6. e5 Nd5 7. Nxd5 exd5 8.
Qf3 Qa5+ 9. Bd2 Qc7 10. Qxd5 Nc6 11. O-O-O Be7 12. Nf5 Qxe5 13. Nxe7 1-0

[Event "AUTO-OPEN-1241"]
[Site "http://www.queenalice.com/game.php?id=529034"]
[Date "2009.1.25"]
[Round "2"]
[White "loko"]
[Black "LuizFernandes"]
[Result "1-0"]
[WhiteElo "2194"]
[BlackElo "1986"]

1. e4 d5 2. exd5 Qxd5 3. Nf3 Nf6 4. Be2 e5 5. Nc3 Qa5 6. O-O Bd6 7. d4 exd4 8.
Nxd4 O-O 9. Ncb5 Qb6 10. Bg5 Be5 11. Nf3 Nc6 12. Be3 Qa5 13. Bc5 Rd8 14. b4 Rxd1
15. Rfxd1 Qa4 16. Nxe5 Be6 17. Nxc6 bxc6 18. Nxc7 Rb8 19. Nxe6 fxe6 20. Bc4 Kf7
21. Bb3 Qa6 22. Rd6 Re8 23. Re1 Qc8 24. Bxe6+ Rxe6 25. Rexe6 Qxe6 26. Rxe6 Kxe6
27. Bxa7 Nd5 28. a3 Nc3 29. Kf1 Nb5 30. Bc5 Nxa3 31. c3 Nb5 32. c4 Nc7 33. Bb6
Na6 34. b5 cxb5 35. cxb5 Nb4 36. Ba5 Nd3 37. Ke2 Nf4+ 38. Kf3 Nd3 39. b6 Nc5 40.
Bb4 Nb7 41. Ke4 g6 42. g4 Nd8 43. f4 Nc6 44. b7 Nb8 45. f5+ gxf5+ 46. gxf5+ Kf7
47. Bd6 Nd7 48. b8=Q Nxb8 49. Bxb8 h5 50. h4 Kf6 51. Be5+ Kf7 52. Bd4 Ke7 53.
Ke5 Kf7 54. f6 Kg6 55. Ke6 1-0

[Event "AUTO-OPEN-1241"]
[Site "http://www.queenalice.com/game.php?id=529035"]
[Date "2009.1.25"]
[Round "2"]
[White "LuizFernandes"]
[Black "loko"]
[Result "0-1"]
[WhiteElo "1950"]
[BlackElo "2166"]

1. e4 e5 2. Nf3 Nc6 3. d4 exd4 4. Nxd4 Bc5 5. Nb3 Bb6 6. Bb5 Nf6 7. Nc3 O-O 8.
Bxc6 dxc6 9. O-O Qe7 10. Re1 Ng4 11. Re2 Qh4 0-1

[Event "AUTO-OPEN-1241"]
[Site "http://www.queenalice.com/game.php?id=529036"]
[Date "2009.1.25"]
[Round "2"]
[White "loko"]
[Black "jonathanodonnell"]
[Result "1-0"]
[WhiteElo "2172"]
[BlackElo "2034"]

1. e4 c6 2. d4 d5 3. Nc3 dxe4 4. Nxe4 Bf5 5. Ng3 Bg6 6. Nf3 Nd7 7. Bc4 e6 8. O-O
Ngf6 9. Bg5 h6 10. Bxf6 Qxf6 11. Re1 Bd6 12. Bd3 O-O 13. Bxg6 Qxg6 14. Ne4 Be7
15. Qd3 Rad8 16. Qb3 b6 17. Qa4 1-0

[Event "AUTO-OPEN-1241"]
[Site "http://www.queenalice.com/game.php?id=529037"]
[Date "2009.1.25"]
[Round "2"]
[White "jonathanodonnell"]
[Black "loko"]
[Result "0-1"]
[WhiteElo "2024"]
[BlackElo "2180"]

1. e4 e5 2. Nf3 Nc6 3. Bb5 Nd4 4. Nxd4 exd4 5. O-O c6 6. Ba4 Nf6 7. d3 Be7 8.
Bf4 O-O 9. Nd2 d5 10. e5 Nd7 11. Nf3 Nc5 12. Bb3 Nxb3 13. axb3 c5 14. Qd2 Bg4
15. Ne1 Qb6 16. h3 Bh5 17. g4 Bg6 18. Ng2 f6 19. Rfe1 c4 20. Nh4 cxb3 0-1

[Event "AUTO-MASTER-759"]
[Site "http://www.queenalice.com/game.php?id=554185"]
[Date "2009.3.11"]
[Round "1"]
[White "TheWatcher"]
[Black "loko"]
[Result "0-1"]
[WhiteElo "2077"]
[BlackElo "2170"]

1. d4 d5 2. Nf3 c6 3. c4 Bg4 4. Nbd2 Bxf3 5. exf3 Nf6 6. Be2 e6 7. Qb3 Qc7 8.
O-O Bd6 9. g3 Nbd7 10. Re1 O-O 11. c5 Be7 12. Qc2 b6 13. b4 a5 14. bxa5 bxc5 15.
Nb3 c4 16. Nc5 Nxc5 17. dxc5 Qxa5 18. Bg5 Qxc5 19. a4 Qa5 20. Bd2 Bb4 21. Red1
Bxd2 22. Rxd2 Rfb8 23. g4 c3 24. Rdd1 Rb2 25. Qd3 c5 26. Bf1 c4 27. Qd4 Rd2 28.
Qe5 Rxd1 29. Rxd1 Qxa4 30. Re1 c2 31. g5 Nd7 32. Qe3 Qb3 33. Qf4 Qb1 34. Rc1 Ra1
0-1

[Event "AUTO-MASTER-759"]
[Site "http://www.queenalice.com/game.php?id=554186"]
[Date "2009.3.11"]
[Round "1"]
[White "loko"]
[Black "TheWatcher"]
[Result "1-0"]
[WhiteElo "2186"]
[BlackElo "2162"]

1. e4 Nc6 2. d4 d5 3. exd5 Qxd5 4. Nf3 Nf6 5. Nc3 Qd8 6. Bc4 Bg4 7. O-O e6 8. h3
Bh5 9. Re1 Be7 10. Bg5 O-O 11. Qe2 Nxd4 12. Qd1 Bxf3 13. gxf3 c5 14. Bxf6 Bxf6
15. Ne4 Bh4 16. c3 Nf5 17. Qxd8 Rfxd8 18. Nxc5 Rdc8 19. b4 b6 20. Ba6 bxc5 21.
Bxc8 Rxc8 22. Rab1 Be7 23. b5 c4 24. b6 axb6 25. Rxb6 Nh4 26. Reb1 Nxf3+ 27. Kg2
Nh4+ 28. Kf1 g6 29. Rb8 Rxb8 30. Rxb8+ Kg7 31. a4 Bf6 32. Rc8 Nf3 33. Ke2 1-0

[Event "AUTO-MASTER-759"]
[Site "http://www.queenalice.com/game.php?id=554201"]
[Date "2009.3.11"]
[Round "1"]
[White "fracci"]
[Black "loko"]
[Result "0-1"]
[WhiteElo "2025"]
[BlackElo "2179"]

1. d4 d5 2. e3 c6 3. Bd3 Nf6 4. Nd2 Nbd7 5. f4 e6 6. Ngf3 Bb4 7. c3 Bd6 8. O-O
Ng4 9. Qe2 O-O 10. Ne5 Ngxe5 11. fxe5 Be7 12. e4 f6 13. exf6 Rxf6 14. Rxf6 Bxf6
15. e5 Be7 16. Nf3 Nf8 17. Bf4 Bd7 18. Qe3 Be8 19. Bg5 Bg6 20. Bxe7 Qxe7 21. Rf1
Bxd3 22. Qxd3 Ng6 23. Nd2 Qg5 24. Nf3 Qe7 25. Qe3 Rf8 26. g3 Qc7 27. h4 Qa5 28.
Ng5 Qxa2 29. Rxf8+ Nxf8 30. Qf2 Qb1+ 31. Kg2 Qg6 32. Kh3 h6 33. Nf3 Qf5+ 34. g4
Qd3 35. h5 Nd7 36. Kg2 Qe4 37. Kg3 b6 38. g5 c5 39. gxh6 gxh6 40. Qd2 Kg7 41.
Qf4 Qxf4+ 42. Kxf4 cxd4 43. Nxd4 Kf7 44. Nc6 Nc5 45. b4 Na4 46. Nxa7 Nxc3 47.
Nc8 b5 48. Nd6+ Ke7 49. Ke3 Na2 50. Nxb5 Nxb4 51. Nd4 Kd7 52. Nf3 Nc6 53. Kf4
Kc7 54. Nh2 Nd4 55. Ke3 Nf5+ 56. Kd3 Kc6 57. Ng4 Kc5 58. Kc3 d4+ 59. Kd3 Kd5 60.
Ke2 Ke4 61. Kd2 Kf4 0-1

[Event "AUTO-MASTER-759"]
[Site "http://www.queenalice.com/game.php?id=554202"]
[Date "2009.3.11"]
[Round "1"]
[White "loko"]
[Black "fracci"]
[Result "1-0"]
[WhiteElo "2187"]
[BlackElo "2030"]

1. e4 e5 2. Nf3 d6 3. Nc3 f5 4. d4 exd4 5. Nxd4 Qe7 6. Qe2 fxe4 7. Nd5 Qe5 8.
Nxc7+ Kd8 9. Ndb5 a6 10. Nxa8 axb5 11. Qxb5 Qxb5 12. Bxb5 Nc6 13. Be3 Nf6 14.
Bb6+ Ke7 15. O-O-O Be6 16. Nc7 Bf7 17. Rhe1 Kd7 18. c4 Be7 19. Nd5 Ra8 20. a3
Bd8 21. Bxd8 Kxd8 22. Nxf6 gxf6 23. Bxc6 bxc6 24. Rxd6+ Kc7 25. Rxf6 Bxc4 26.
Rxe4 Bd3 27. Ree6 Ra6 28. f4 Bf1 29. g4 Bh3 30. Re7+ Kb6 31. g5 Kc5 32. Rxh7 Bg4
33. g6 1-0

[Event "AUTO-MASTER-759"]
[Site "http://www.queenalice.com/game.php?id=554211"]
[Date "2009.3.11"]
[Round "1"]
[White "Aylton"]
[Black "loko"]
[Result "1-0"]
[WhiteElo "1900"]
[BlackElo "2200"]

1. d4 d5 2. Nf3 Bg4 3. e3 c6 4. c4 e6 5. Nc3 Bb4 6. Bd2 Nf6 7. h3 Bxf3 8. Qxf3
O-O 9. a3 Bxc3 10. Bxc3 Ne4 11. Rc1 Nxc3 12. Rxc3 Qb6 13. b4 Nd7 14. c5 Qc7 15.
Be2 Nf6 16. O-O Ne4 17. Rc2 e5 18. dxe5 Qxe5 19. Bd3 Ng5 20. Qf5 Qe7 21. h4 g6
22. Qxg5 1-0

[Event "AUTO-MASTER-759"]
[Site "http://www.queenalice.com/game.php?id=554212"]
[Date "2009.3.11"]
[Round "1"]
[White "loko"]
[Black "Aylton"]
[Result "1-0"]
[WhiteElo "2194"]
[BlackElo "1896"]

1. e4 e5 2. Nf3 Nc6 3. Bc4 Bc5 4. c3 Nf6 5. d4 exd4 6. cxd4 Bb4+ 7. Bd2 Bxd2+ 8.
Nbxd2 O-O 9. d5 Ne7 10. O-O d6 11. Qb3 a6 12. Rac1 b5 13. Bd3 Ng6 14. Rfe1 Re8
15. Nd4 Bd7 16. N2f3 h6 17. Qc3 Ra7 18. Nc6 Bxc6 19. Qxc6 Qd7 20. Nd4 Ne5 21.
Qc2 Nxd3 22. Qxd3 Qc8 23. Nf5 Qd8 24. Qg3 g6 25. Nxh6+ Kf8 26. Qe3 Rb7 27. Qf4
Kg7 28. Ng4 Nxg4 29. Qxg4 Qf6 30. Qd7 Re7 31. Qc8 Ra7 32. Qb8 Qd4 33. Re3 Qxb2
34. Rce1 c5 35. Rh3 1-0

[Event "AUTO-OPEN-1241"]
[Site "http://www.queenalice.com/game.php?id=574760"]
[Date "2009.4.20"]
[Round "3"]
[White "loko"]
[Black "Nep"]
[Result "0-1"]
[WhiteElo "2189"]
[BlackElo "1944"]

1. e4 e5 2. Nf3 Nc6 3. Bc4 d6 4. h3 Na5 5. Bb5+ c6 6. Ba4 b5 7. Bb3 Nxb3 8. axb3
Nf6 9. d3 h6 10. O-O a5 11. c3 Be7 12. Nbd2 O-O 13. d4 Qc7 14. b4 a4 15. b3 exd4
16. Nxd4 d5 17. Re1 Nxe4 18. Nxe4 dxe4 19. Rxe4 Qb7 20. bxa4 Bf6 21. Re1 Rd8 22.
a5 Bf5 23. Qf3 Bxd4 24. cxd4 Be6 25. Qg3 Kh8 26. Bb2 Bd5 27. Re3 Qd7 28. Rae1
Qf5 29. Re7 Kg8 30. Bc1 Qf6 31. Bf4 g5 32. h4 Qxf4 33. Qxf4 gxf4 34. Rc7 Kh7 35.
Kh2 Rg8 36. g3 fxg3+ 37. fxg3 Rg4 38. Rd1 Kg6 39. Kh3 f5 40. Rd7 Kh5 41. Re7 Kg6
42. Rd7 Kh5 43. Re7 Bf3 44. Re6 Bxd1 0-1

[Event "AUTO-OPEN-1241"]
[Site "http://www.queenalice.com/game.php?id=574761"]
[Date "2009.4.20"]
[Round "3"]
[White "Nep"]
[Black "loko"]
[Result "1/2-1/2"]
[WhiteElo "1933"]
[BlackElo "2197"]

1. Nf3 d5 2. c4 c6 3. cxd5 cxd5 4. e3 Nf6 5. Ne5 Nc6 6. Bb5 Bd7 7. Nxd7 Qxd7 8.
d4 e6 9. Nd2 Bb4 10. Qa4 Ne4 11. Qxb4 Nxb4 12. Bxd7+ Kxd7 13. O-O Rhc8 14. Nxe4
dxe4 15. Bd2 Nd5 16. Rac1 Rc7 17. Rxc7+ Kxc7 18. Rc1+ Kd6 19. Kf1 f5 20. Ke2 e5
21. Rc4 b5 22. dxe5+ Kxe5 23. Rc5 Rb8 24. Bc3+ Kd6 25. Bd4 g5 26. f3 h5 27. fxe4
fxe4 28. b3 a6 29. a3 g4 30. h3 gxh3 31. gxh3 Rg8 32. Kf2 h4 33. a4 Rg3 34. axb5
axb5 35. Rxb5 Rxh3 36. Rb8 Rf3+ 37. Ke2 Kd7 38. Rh8 h3 39. Rh4 Kc6 40. Rxe4
Rxe3+ 41. Bxe3 Nc3+ 42. Kf3 Nxe4 43. Bg1 Nd2+ 44. Kg3 Nxb3 45. Kxh3 Kd5 1/2-1/2

[Event "AUTO-OPEN-1241"]
[Site "http://www.queenalice.com/game.php?id=574762"]
[Date "2009.4.20"]
[Round "3"]
[White "loko"]
[Black "Xeque"]
[Result "1/2-1/2"]
[WhiteElo "2197"]
[BlackElo "2144"]

1. e4 e5 2. Nf3 Nc6 3. Bc4 Nf6 4. d3 Bc5 5. O-O O-O 6. Bg5 h6 7. Bh4 Be7 8. Nc3
d6 9. h3 Be6 10. Bxf6 Bxf6 11. Nd5 Na5 1/2-1/2

[Event "AUTO-OPEN-1241"]
[Site "http://www.queenalice.com/game.php?id=574763"]
[Date "2009.4.20"]
[Round "3"]
[White "Xeque"]
[Black "loko"]
[Result "1/2-1/2"]
[WhiteElo "2146"]
[BlackElo "2195"]

1. e4 e5 2. Nf3 Nc6 3. Bb5 Nd4 4. Nxd4 exd4 5. O-O Nf6 6. e5 Nd5 7. d3 c6 8. Bc4
d6 9. Bxd5 cxd5 10. Re1 dxe5 11. Rxe5+ Be6 12. Bg5 Be7 13. Bxe7 Qxe7 14. Qe2
1/2-1/2

[Event "AUTO-MASTER-759"]
[Site "http://www.queenalice.com/game.php?id=649201"]
[Date "2009.9.8"]
[Round "2"]
[White "loko"]
[Black "trompmaster"]
[Result "1-0"]
[WhiteElo "2165"]
[BlackElo "2116"]

1. e4 d6 2. d4 Nf6 3. Nc3 Nbd7 4. Nf3 e5 5. dxe5 dxe5 6. Bc4 h6 7. O-O Be7 8.
Re1 c6 9. Be3 Qc7 10. Nh4 g6 11. a3 Nf8 12. Nf3 Be6 13. Qe2 Bxc4 14. Qxc4 Ne6
15. Rad1 g5 16. b4 b5 17. Qb3 a5 18. Re2 a4 19. Qa2 Nf4 20. Red2 Rg8 21. Bxf4
gxf4 22. Nh4 Kf8 23. Nf5 Rg6 24. f3 Rb8 25. Qb2 Kg8 26. Qa2 Bf8 27. Kh1 Re8 28.
Ne2 c5 29. Nc3 cxb4 30. Nxb5 Qc5 31. Nbd6 Bxd6 32. axb4 Qxb4 33. Rxd6 h5 34. Rc6
Qb5 35. Nd6 Qe2 36. Qxf7+ Kh8 37. Rg1 Reg8 38. Rc8 Nxe4 39. Rxg8+ Rxg8 40. Qxh5+
Kg7 41. Qxe5+ Kf8 42. Qe8+ Kg7 43. Qf7+ Kh8 44. Nxe4 Rxg2 45. Qf8+ Kh7 46. Nf6+
1-0

[Event "AUTO-MASTER-759"]
[Site "http://www.queenalice.com/game.php?id=649202"]
[Date "2009.9.8"]
[Round "2"]
[White "trompmaster"]
[Black "loko"]
[Result "1-0"]
[WhiteElo "2115"]
[BlackElo "2179"]

1. d3 d5 2. Nf3 c6 3. c3 Bg4 4. Nbd2 Nf6 5. e4 e6 6. h3 Bxf3 7. Qxf3 Be7 8. g3
Nbd7 9. Qe3 O-O 10. e5 Ne8 11. f4 f6 12. Nf3 fxe5 13. fxe5 Nc7 14. d4 c5 15. Bd3
c4 16. Bc2 Qe8 17. O-O Qh5 18. Kg2 h6 19. Bd2 Rac8 20. g4 Qe8 21. h4 Rxf3 22.
Rxf3 Nf8 23. Raf1 Bxh4 24. Rxf8+ 1-0

[Event "AUTO-MASTER-759"]
[Site "http://www.queenalice.com/game.php?id=649203"]
[Date "2009.9.8"]
[Round "2"]
[White "loko"]
[Black "jemptymethod"]
[Result "1/2-1/2"]
[WhiteElo "2176"]
[BlackElo "2204"]

1. e4 e5 2. Nf3 Nc6 3. Bc4 Nf6 4. Nc3 Nxe4 5. Nxe4 d5 6. Bxd5 Qxd5 7. d3 Bb4+ 8.
Bd2 Bxd2+ 9. Qxd2 Bg4 10. Qg5 Bxf3 11. gxf3 Nd4 12. O-O-O Ne6 13. Qxg7 O-O-O 14.
Qxf7 Qxa2 15. Nc3 Qa1+ 16. Kd2 Qa6 17. Ra1 Qb6 18. Kc1 Rdf8 19. Qh5 Qxf2 20. Ne4
Qg2 21. Rd1 Nd4 22. Qg4+ Qxg4 23. fxg4 a6 24. Ra5 Nf3 25. h3 h5 26. Rf1 hxg4 27.
hxg4 Rhg8 28. g5 Rf7 29. c3 Nxg5 30. Rg1 Rfg7 31. Rxe5 Nxe4 32. Rxg7 Rxg7 33.
dxe4 Kd7 34. Kc2 Rg2+ 35. Kb3 Re2 36. Ka3 Kd6 37. Re8 Kd7 1/2-1/2

[Event "AUTO-MASTER-759"]
[Site "http://www.queenalice.com/game.php?id=649204"]
[Date "2009.9.8"]
[Round "2"]
[White "jemptymethod"]
[Black "loko"]
[Result "0-1"]
[WhiteElo "2203"]
[BlackElo "2177"]

1. e4 e5 2. d4 exd4 3. Qxd4 Nc6 4. Qe3 Nf6 5. Bd2 d6 6. Nc3 Be7 7. O-O-O Be6 8.
h3 O-O 9. f4 d5 10. exd5 Nxd5 11. Qf2 Ncb4 12. Bc4 Nxc3 13. Bxc3 Bxc4 14. Bxb4
Qxd1+ 15. Kxd1 Bxb4 16. c3 Ba5 17. Ne2 Bb6 18. Qf3 Rad8+ 19. Kc1 Bxa2 20. Nd4
Bxd4 21. cxd4 Rxd4 22. Qxb7 Bd5 23. Qxa7 Rc4+ 24. Kd2 Bxg2 25. Rd1 Bxh3 26. Ke3
Bg4 27. Rd5 Rc2 28. Rb5 Re8+ 29. Kd4 Rd8+ 0-1